01638nam a22002777a 450000500170000000800410001704000250005804100080008304400070009109000140009811000870011224501760019925500120037526000980038730000360048550003990052165000240092065000220094465000230096671000250098971000530101494200120106799900170107995201240109695201400122020200104041742.0160503b2005 C ||||| |b|| 00| 0 spa d aCO-BoIAVHcCO-BoIAVH aspa ack aMC-b01232 aInstituto de Investigación de Recursos Biológicos Alexander von Humboldt.92041 aMapa de susceptibilidad a amenazas por deslizamientos de la cuenca Cane - Iguaque;cUnidad de sistemas de información geográfica UNISIG- IAvH h[Material Cartografico] a1:00000 aBogotábInstituto de Investigación de Recursos Biológicos Alexander von Humboldt.c2005 a16 mapas ;b color c44 x 30 cm aConvenio interadministrativo de cooperación técnica entre la comisión conjunta para la ordenación y manejo ambiental de la cuenca del Río Cane - Iguaque corporación autónoma regional de Boyaca, corpoboyaca- territorial norandina de la unidad administrativa especial de parques nacionales naturales y el Instituto de investigación de recursos biológicos Alexander Von Humboldt 16aHidrografía9536116aCarreteras97059116aGeografía9922592 aCorpoboyacá9705932 aParques nacionales naturales de Colombia 970594 2zcMapa c18441d18441 00102z40708CARTOGRAFIaBogotabBogotad2016-05-03l0oMC-0123p040066r2016-05-03 00:00:00tEj. 1w2016-05-03yMapa 00102z40708CARTOGRAFIaBogotabBogotad2016-05-04l0oMC-0123p040063r2016-05-04 00:00:00tEj. 2w2016-05-04yMapazEscala 1:50000